Service learning :linking library education and practice(E-BOOK) (Record no. 193075)
[ view plain ]
| 000 -LEADER | |
|---|---|
| fixed length control field | 02908 a2200277 4500 |
| 003 - CONTROL NUMBER IDENTIFIER | |
| control field | Nust |
| 005 - DATE AND TIME OF LATEST TRANSACTION | |
| control field | 20170207154050.0 |
| 010 ## - LIBRARY OF CONGRESS CONTROL NUMBER | |
| LC control number | 2008045377 |
| 020 ## - INTERNATIONAL STANDARD BOOK NUMBER | |
| International Standard Book Number | 0838909817 (alk. paper) |
| 020 ## - INTERNATIONAL STANDARD BOOK NUMBER | |
| International Standard Book Number | 9780838909812 (alk. paper) |
| 035 ## - SYSTEM CONTROL NUMBER | |
| System control number | (OCoLC)ocn268957315 |
| 040 ## - CATALOGING SOURCE | |
| Transcribing agency | Nust |
| 082 00 - DEWEY DECIMAL CLASSIFICATION NUMBER | |
| Classification number | 020.710973 |
| 245 00 - TITLE STATEMENT | |
| Title | Service learning :linking library education and practice(E-BOOK) |
| Statement of responsibility, etc. | edited by Loriene Roy, Kelly Jensen, and Alex Hershey Meyers. |
| 260 ## - PUBLICATION, DISTRIBUTION, ETC. | |
| Place of publication, distribution, etc. | Chicago : |
| Name of publisher, distributor, etc. | American Library Association, |
| Date of publication, distribution, etc. | 2009. |
| 300 ## - PHYSICAL DESCRIPTION | |
| Extent | xii, 220 p. : |
| Other physical details | ill. ; |
| Dimensions | 23 cm. |
| 505 0# - FORMATTED CONTENTS NOTE | |
| Formatted contents note | A brief history of service learning in LIS / Lorna Peterson -- Human rights as a framework for reflection in service learning : "para que otro mundo es posible" / Kathleen de la Pe䮡 McCook -- Beyond service learning : toward community schools and reflective community learners / Ann Bishop, Bertram C. Bruce, and Sunny Jeong -- Service learning from three perspectives : administrative, faculty, and student / Rae-Anne Montague, Martin Wolske, and Beth Larkee -- Experiential education : the student role and experience / Sara Albert and A. Arro Smith -- The school library media practicum as service education / Johan Koren -- Service learning and international students / Gilok Choi -- Service learning connecting diverse communities and LIS students and faculty / Loriene Roy -- Puentes de la comunidad : exploring the impact of LIS service learning on library services to Latino youth in the Carolinas / Jamie Campbell Naidoo -- Highlights of service learning experiences in selected LIS programs / Sara Albert -- Working from within : critical service learning as core learning in the MLIS curriculum / Clara M. Chu -- Cultural heritage initiatives at the University of Michigan School of Information / C. Olivia Frost -- The Internet public library as service-based experiential learning / Denise E. Agosto ... [et al.] -- A road map for integrating socially relevant research projects into a required library and information science course : from a service model to community engagement / Bharat Mehra -- LIS students as community partners in elective courses : applying community-based action research to meet the needs of underserved populations / Bharat Mehra and Robert J. Sandusky -- Virtual worlds : new spaces for service learning / Joe Sanchez -- Evaluation of field-based experiences and assessment of student learning / Gary Geisler and Elaine Yontz -- Practicum and internship experiences in LIS education : a perspective from ALA emerging leaders / Molly Krichten, Sarah Stohr, and Stefanie Warlick. |
| 650 #0 - SUBJECT ADDED ENTRY--TOPICAL TERM | |
| Topical term or geographic name entry element | Library education |
| Geographic subdivision | United States. |
| 650 #0 - SUBJECT ADDED ENTRY--TOPICAL TERM | |
| Topical term or geographic name entry element | Library schools |
| General subdivision | Curricula |
| Geographic subdivision | United States. |
| 650 #0 - SUBJECT ADDED ENTRY--TOPICAL TERM | |
| Topical term or geographic name entry element | Library science |
| General subdivision | Fieldwork. |
| 650 #0 - SUBJECT ADDED ENTRY--TOPICAL TERM | |
| Topical term or geographic name entry element | Service learning |
| Geographic subdivision | United States. |
| 651 ## - SUBJECT ADDED ENTRY--GEOGRAPHIC NAME | |
| Geographic name | E-BOOK |
| 700 1# - ADDED ENTRY--PERSONAL NAME | |
| Personal name | Jensen, Kelly. |
| 700 1# - ADDED ENTRY--PERSONAL NAME | |
| Personal name | Meyers, Alex Hershey. |
| 700 1# - ADDED ENTRY--PERSONAL NAME | |
| Personal name | Roy, Loriene. |
| 942 ## - ADDED ENTRY ELEMENTS (KOHA) | |
| Source of classification or shelving scheme | |
| Koha item type | Book |
| Withdrawn status | Lost status | Source of classification or shelving scheme | Damaged status | Not for loan | Collection code | Permanent Location | Current Location | Date acquired | Total Checkouts | Full call number | Barcode | Date last seen | Price effective from | Koha item type |
|---|---|---|---|---|---|---|---|---|---|---|---|---|---|---|
| Military College of Signals (MCS) | Military College of Signals (MCS) | 12/12/2016 | 020.710973 ROY | MCSEB-2849 | 12/08/2016 | 12/12/2016 | Book |
